[Event "Charlotte Open 2020"]
[Site "Charlotte"]
[Date "2020.01.05"]
[Round "7.7"]
[White "Guo, Arthur"]
[Black "Brodsky, David"]
[Result "0-1"]
[WhiteElo "2301"]
[BlackElo "2466"]
[Annotator "TA"]
[PlyCount "146"]
[EventDate "2020.01.02"]
[EventType "swiss"]
[EventCountry "USA"]
[SourceTitle "playchess.com"]
[Source "ChessBase"]
[SourceQuality "1"]

{[%evp 11,146,12,13,10,14,10,26,0,20,0,0,0,9,0,17,16,12,0,34,18,42,18,40,30,36,-10,-12,-10,-12,-8,0,0,20,18,28,0,12,-49,-37,-55,-46,-59,-60,-60,-60,-59,-64,-70,-70,-122,-121,-135,-129,-143,-97,-106,-105,-167,-155,-202,-227,-220,-191,-183,-174,-218,-74,-73,-63,-64,0,0,0,0,0,0,0,0,0,0,0,0,0,0,0,0,0,-11,-8,-6,-8,-8,0,-11,0,0,0,-9,0,-9,-7,-8,-10,-9,-7,-6,-11,-12845,-12846,-12846,-12847,-12850,-12851,-12851,-27999,-12851,-29976,-29976,-29977,-12851,-29977,-27999,-27999,-27999,-27999,-27999,-27998,-27999,-27998,-27999,-27999,-27996,-27988,-27997,-27997,-27999,-27999]} 1. e4 c5 2. Nf3 d6 3. d4 cxd4 4. Nxd4 Nf6 5. Nc3 a6 6. g3 e5 7. Nf3 {B91: Sicilian Najdorf: 6 g3} (7. Nde2 {is more complex.} Be7 8. Bg2 b5 9. Nd5 Nbd7 10. Nec3) (7. Nde2 Be7 8. Bg2 O-O 9. O-O b5 10. Nd5 Nxd5 11. Qxd5 Ra7 12. Be3 Rb7 13. Qd2 Nd7 14. Nc3 Nf6 15. Bg5 Be6 16. Bxf6 Bxf6 17. Nd5 Bg5 {½-½ (43) Vitiugov,N (2732)-Yu,Y (2763) Khanty-Mansiysk 2019}) 7... Be7 8. Nh4 g6 9. Bg2 {White has an edge.} Be6 10. h3 O-O 11. O-O Nbd7 12. Bh6 Re8 13. Qd2 Nf8 $146 ({Predecessor:} 13... Rc8 14. Nf5 Nb6 {1-0 (25) Fedorov,A (2558)-Ciorgovean,I (2201) Alba Iulia 2018}) 14. a4 Qc7 15. Nf3 Bd7 16. Ng5 Ne6 17. Nxe6 Bxe6 18. Nd5 Bxd5 19. exd5 Nd7 20. a5 Bf8 21. Be3 Bg7 22. c4 e4 ({Wrong is} 22... Qxc4 $2 23. Rfc1 $18) 23. Rac1 Nc5 24. Bxc5 (24. Rc2 $11) 24... dxc5 $15 25. d6 Qc6 {Strongly threatening ...Bd4.} 26. d7 Red8 27. Qd5 Qxd5 28. cxd5 f5 ({But not} 28... Bxb2 29. Rxc5 Rxd7 30. Rb1 $11) 29. Rxc5 Rxd7 30. g4 (30. Rd1 $15) 30... Bd4 $17 31. Rc4 Rxd5 32. Rc7 Rb8 33. b4 Be5 34. Rc2 (34. Rc5 $17 {keeps fighting.} Rxc5 35. bxc5) 34... Rbd8 $19 35. gxf5 gxf5 36. Rfc1 Bf4 37. Re1 Rd1 38. Kf1 R8d4 (38... Kg7 $19 {...Kf6 is the strong threat.} 39. Rb2 Be5) 39. Rxd1 $17 Rxd1+ {[%mdl 4096] Endgame KRB-KRB} 40. Ke2 Rb1 ({Black should play} 40... Rd5 $15 41. Rc5 Rxc5 42. bxc5 Kf7) 41. Rc5 $1 $11 Rb2+ 42. Kf1 Rb1+ 43. Ke2 Rb2+ 44. Kf1 Rxb4 45. Rxf5 Bc7 46. Rc5 Bf4 47. Rf5 Bc7 48. Rc5 Bd6 49. Rg5+ Kf7 50. Rg4 Rb1+ 51. Ke2 Rb2+ 52. Kf1 Rb1+ 53. Ke2 Rb2+ (53... b5 {seems wilder.} 54. Bxe4 Rb2+ 55. Kf1 Bc5 56. Rf4+ Ke6) 54. Kf1 Bc7 (54... Bb4 {looks sharper.} 55. Bxe4 Bxa5 56. Rh4 Bc3 57. Rxh7+ Bg7) 55. Bxe4 Bxa5 56. Rh4 Bc3 57. Rxh7+ Bg7 58. h4 Rb4 59. f3 $2 {[%mdl 8192] [#]} (59. Bd5+ $11 Kg6 60. Bg8) 59... Rxe4 $1 $19 {[%mdl 512]} 60. fxe4 Kg6 61. Rxg7+ Kxg7 {KPP-KPP} 62. Ke2 a5 63. e5 Kg6 (63... a4 $19 64. Kd3 Kg6) 64. Kd3 a4 65. Kc4 {[#]} b5+ $1 {[%mdl 512]} 66. Kxb5 {KPP-KP. Black mates.} a3 67. h5+ Kg7 68. h6+ Kxh6 69. e6 {[#]} Kg7 $1 70. Kc6 a2 71. e7 a1=Q {( -> ...Qa4+)} ({Stronger than} 71... Kf7 72. Kd7 $11) 72. Kd7 Qa4+ 73. Kd8 Kf7 {Accuracy: White = 39%, Black = 59%.} 0-1

[Event "Charlotte Open 2020"]
[Site "Charlotte"]
[Date "2020.01.05"]
[Round "7.8"]
[White "Peng, Shunkai"]
[Black "Escalante Ramirez, Brian Sebasti"]
[Result "0-1"]
[WhiteElo "2315"]
[BlackElo "2421"]
[Annotator "TA"]
[PlyCount "42"]
[EventDate "2020.01.02"]
[EventType "swiss"]
[EventCountry "USA"]
[SourceTitle "playchess.com"]
[Source "ChessBase"]
[SourceQuality "1"]

{[%evp 23,42,27,16,10,0,-181,-181,-205,-207,-206,-201,-600,-597,-808,-779,-1104,-1069,-1882,-1787,-1881,-921]} 1. e4 c5 2. Nf3 d6 3. d4 cxd4 4. Nxd4 Nf6 5. Nc3 g6 6. Be3 Bg7 7. f3 Nc6 8. Qd2 O-O 9. Bc4 Bd7 10. Bb3 Rc8 11. O-O-O Nxd4 12. Bxd4 b5 $1 13. h4 {White wants to play h5. B78: Sicilian Dragon: Yugoslav Attack, 9 Bc4 Bd7 10 0-0-0 Rc8} (13. Nd5 Nxd5 14. Bxg7 Kxg7 15. exd5 a5 16. a3 b4 17. axb4 axb4 18. Qxb4 Kg8 19. Rhe1 Re8 20. Re3 Rb8 21. Qc3 {1-0 (39) Le,Q (2704)-Mamedov,R (2650) Hengshui 2019}) 13... a5 $1 {[%cal Ra5a4] [#] aiming for ...a4.} 14. a4 $2 (14. a3 $11 {and White is okay.}) 14... bxa4 $19 15. Nxa4 {Black is clearly better.} Bxa4 16. Bxa4 {[#]} Rc4 $1 {[%cal Rc4a4]} 17. Bxf6 $2 (17. Bb3 Nxe4 18. Qe3 Rxd4 19. Rxd4) 17... Bxf6 {Black is clearly winning.} 18. b3 $146 ({Predecessor:} 18. Bb3 Qb6 19. Qd3 Rd4 20. Qe2 a4 {0-1 (32) Rudolf,A (2249)-Fruebing,S (2284) Budapest 2006}) 18... Qb6 19. Rdf1 Rd4 ({Less strong is} 19... Rxa4 20. bxa4 Rc8 21. Kd1 $17) 20. Qf2 Qb4 {( -> ...Qa3+)} 21. c4 Qc3+ {Accuracy: White =  8%, Black = 88%.} (21... Rb8 $142 22. Qa2 Qc3+ 23. Qc2 Qe3+ 24. Kb1 Rd2) 0-1

[Event "Charlotte Open 2020"]
[Site "Charlotte"]
[Date "2020.01.05"]
[Round "7.9"]
[White "Song, Edward"]
[Black "Narva, Mai"]
[Result "1/2-1/2"]
[WhiteElo "2411"]
[BlackElo "2321"]
[Annotator "TA"]
[PlyCount "60"]
[EventDate "2020.01.02"]
[EventType "swiss"]
[EventCountry "USA"]
[SourceTitle "playchess.com"]
[Source "ChessBase"]
[SourceQuality "1"]

{[%evp 24,60,42,50,42,41,50,44,37,38,41,62,55,47,54,46,52,53,89,115,100,129,197,198,243,209,195,200,206,-443,0,0,0,0,0,0,0,0,0]} 1. e4 c5 2. Nf3 d6 3. d4 cxd4 4. Nxd4 Nf6 5. Nc3 Nc6 6. Bg5 e6 7. Qd2 a6 8. O-O-O Bd7 9. f4 b5 10. Bxf6 gxf6 11. Kb1 Qb6 12. Nxc6 Bxc6 13. f5 b4 {B67: Sicilian: Richter-Rauzer: 7...a6 8 0-0-0 Bd7, lines without 9 f4 Be7} 14. Ne2 {[%cal Bc3e2,Be2g3,Bg3h5][%mdl 32]} e5 15. Ng3 h5 {And now ...h4 would win.White is slightly better.} 16. h4 Qc5 17. Qe2 Ke7 $1 18. Nxh5 Bb5 19. Qg4 $1 $36 {[%mdl 2048] White is pushing.} Bh6 $1 20. Rd5 {[#]} (20. Bxb5 axb5 21. Qe2 Rxa2 $3 $19 {[%mdl 512]}) 20... Qb6 $146 ({Predecessor:} 20... Qc7 21. Qd1 {½-½ (37) Svidler,P (2749)-Dubov,D (2594) Moscow 2012}) 21. Qd1 {aiming for Nxf6!} (21. Bxb5 axb5 22. Rhd1 Rxa2 $1 $19 {[%mdl 512]}) 21... Bc6 {[#]} 22. Nxf6 $1 ({Reject} 22. Rxd6 $6 Rad8 $11) 22... Kxf6 (22... Bg5 $16) 23. Rxd6+ $18 Ke7 24. f6+ Ke8 {[#]} 25. Bc4 $1 Bf8 26. Bxf7+ $2 (26. Qd3 $18 {Strongly threatening Bxf7+!} Bxd6 27. Qxd6) 26... Kxf7 $11 {[#]} 27. Rd7+ $1 {[%mdl 512] The position is equal.} Bxd7 28. Qxd7+ Kg6 $1 ({And not} 28... Kxf6 29. Rf1+ Kg6 30. Qg4+ Kh6 31. Qg5+ {[%mdl 64] Double Attack} Kh7 32. Rf7+ Bg7 33. Rxg7#) 29. Qf5+ Kf7 30. Qd7+ Kg6 $1 {Accuracy: White = 70%, Black = 88%.} ({Weaker is} 30... Kxf6 31. Rf1+ Kg6 32. Qg4+ Kh6 33. Qg5+ {[%mdl 64] Double Attack} Kh7 34. Rf7+ Bg7 35. Rxg7#) 1/2-1/2

[Event "Charlotte Open 2020"]
[Site "Charlotte"]
[Date "2020.01.05"]
[Round "7.10"]
[White "Sarkar, Justin"]
[Black "Cezila Jr, Rubens"]
[Result "1-0"]
[WhiteElo "2385"]
[BlackElo "2239"]
[Annotator "TA"]
[PlyCount "79"]
[EventDate "2020.01.02"]
[EventType "swiss"]
[EventCountry "USA"]
[SourceTitle "playchess.com"]
[Source "ChessBase"]
[SourceQuality "1"]

{[%evp 11,79,0,-8,-15,0,-8,-1,-3,27,16,21,14,64,69,66,60,66,67,116,114,107,97,115,103,248,230,218,156,143,150,285,289,279,279,279,280,272,275,277,262,253,265,272,267,348,312,357,356,371,366,464,461,462,451,451,431,532,515,582,562,571,566,574,354,995,1035,1845,1806,2126,2041]} 1. d4 Nf6 2. c4 e6 3. Nc3 Bb4 4. Bg5 h6 5. Bh4 b6 6. f3 c5 7. d5 {E30: Nimzo-Indian: Leningrad Variation} Bxc3+ (7... exd5 8. cxd5 d6 9. e4 Nbd7 10. Nge2 O-O 11. a3 Bxc3+ 12. Nxc3 Ne5 13. Be2 Ng6 14. Bf2 Nf4 {½-½ (56) Gasanov,E (2504)-Tiviakov,S (2662) Nakhchivan 2015}) 8. bxc3 d6 9. e4 {The position is equal.} g5 $146 ({Predecessor:} 9... e5 10. Bd3 Nbd7 11. Ne2 Nf8 12. Bf2 Ng6 13. Qd2 Bd7 14. a4 O-O {½-½ (34) Shankland,S (2539)-Barus,C (2420) Biel 2011}) 10. Bf2 Qe7 11. h4 {[#] hxg5 is the strong threat.} Rg8 (11... g4 $5) 12. hxg5 hxg5 13. Qd2 Nbd7 14. dxe6 Qxe6 15. Nh3 $36 {[%mdl 2048] White is on the roll.} g4 16. Nf4 Qe5 17. O-O-O g3 (17... Ba6 $16 18. Bh4 O-O-O) 18. Be3 Ba6 19. Kc2 O-O-O 20. Qxd6 Rh8 (20... Qxd6 $16 21. Rxd6 Rh8) 21. Qc6+ $18 Qc7 22. Qxc7+ Kxc7 23. Rxh8 Rxh8 24. Nd5+ Nxd5 25. cxd5 Bxf1 26. Bf4+ Kb7 27. Rxf1 {[%mdl 4096] Endgame KRB-KRN} c4 28. Rg1 Nc5 29. Bxg3 Nd3 30. Kd2 f5 31. exf5 Rh5 32. Ke3 Rxf5 33. Kd4 b5 34. Bd6 Kc8 35. f4 Kd7 36. Be5 Rf7 37. g4 b4 $2 (37... Nxf4 38. Bxf4 Rxf4+ 39. Kc5 a6) 38. Kxc4 {White is clearly winning.} Nxe5+ 39. fxe5 {[#] White wants to mate with e6+.} Rf4+ 40. Kb3 {Accuracy: White = 81%, Black = 30%.} 1-0

[Event "Charlotte Open 2020"]
[Site "Charlotte"]
[Date "2020.01.05"]
[Round "7.11"]
[White "Yoo, Christopher Woojin"]
[Black "Ringoir, Tanguy"]
[Result "1/2-1/2"]
[WhiteElo "2456"]
[BlackElo "2501"]
[Annotator "TA"]
[PlyCount "58"]
[EventDate "2020.01.02"]
[EventType "swiss"]
[EventCountry "USA"]
[SourceTitle "playchess.com"]
[Source "ChessBase"]
[SourceQuality "1"]

{[%evp 15,58,11,12,15,30,17,11,13,12,0,0,0,41,46,53,85,102,103,120,111,110,17,17,-26,-26,-25,-25,-27,-27,-27,-29,-27,-27,-27,-27,-27,-27,-29,-29,-29,-29,-29,-29,-30,-29]} 1. e4 e5 2. Nf3 Nc6 3. Bb5 a6 4. Ba4 Nf6 5. O-O Be7 6. d3 b5 7. Bb3 d6 8. a4 b4 9. a5 {C84: Closed Ruy Lopez: Unusual White 6th moves} O-O 10. c3 (10. Nbd2 h6 11. Re1 Rb8 12. h3 Be6 13. Ba4 Nxa5 14. d4 c5 15. dxe5 dxe5 16. Nxe5 c4 17. Qe2 Rc8 18. Ndf3 {½-½ (25) Vitiugov,N (2730)-Tomashevsky,E (2702) Satka 2018}) 10... Rb8 11. Nbd2 {The position is equal.} Be6 12. Nc4 Qc8 13. d4 {aiming for d5.} Bg4 14. Ba4 Qb7 15. Ne3 $146 ({Predecessor:} 15. d5 Na7 16. Ne3 Bh5 17. Nf5 Bd8 18. Qd3 {1-0 (28) Raghavi,N (2253)-Harstad,C (2002) Oslo 2014}) 15... Bc8 16. Nd5 Nxd5 17. exd5 Nxa5 18. cxb4 (18. dxe5 $16 {Hoping for Bc2.} bxc3 19. bxc3) 18... Qxb4 $11 19. dxe5 (19. Bd2 $5 {[%cal Rd2b4]} Qb6 20. Bc3 $11) 19... Nb3 {Black has an edge.} 20. Bxb3 Qxb3 21. Qxb3 Rxb3 22. Nd4 Rd3 23. Nc6 Re8 24. Nxe7+ Rxe7 25. exd6 cxd6 26. Bf4 Rxd5 27. Rad1 Rxd1 28. Rxd1 {[#]} d5 $1 {[%mdl 512]} 29. f3 (29. Rxd5 Re1#) 29... Bb7 {Accuracy: White = 71%, Black = 82%.} 1/2-1/2

[Event "Charlotte Open 2020"]
[Site "Charlotte"]
[Date "2020.01.05"]
[Round "7.12"]
[White "Wheeler, Cameron"]
[Black "Zapata, Alonso"]
[Result "1-0"]
[WhiteElo "2383"]
[BlackElo "2434"]
[Annotator "TA"]
[PlyCount "91"]
[EventDate "2020.01.02"]
[EventType "swiss"]
[EventCountry "USA"]
[SourceTitle "playchess.com"]
[Source "ChessBase"]
[SourceQuality "1"]

{[%evp 23,91,50,53,48,54,54,50,25,61,57,103,90,112,107,133,134,152,155,248,239,252,249,235,239,237,240,245,244,321,317,328,347,291,96,97,48,52,25,148,150,197,168,225,182,185,194,178,182,252,187,270,224,291,264,398,167,163,147,307,283,12833,12834,12835,12835,12835,12835,12833,6295,881,732]} 1. d4 Nf6 2. c4 d6 3. Nc3 Nbd7 4. Nf3 c6 5. g3 e5 6. Bg2 Be7 7. O-O O-O 8. Qc2 Re8 9. Rd1 Qc7 10. h3 Bf8 11. e4 a6 12. Be3 b5 13. cxb5 {A55: Old Indian Defence with Nf3 and e4} cxb5 14. Rac1 (14. a3 Bb7 15. d5 Rac8 16. Qe2 Qb8 17. Nd2 Be7 18. h4 Rc7 19. Nb3 Bd8 20. Rac1 h5 {0-1 (39) Markus,R (2623)-Cabrilo,G (2547) Belgrade 2014}) 14... Bb7 15. Qb1 {next Nxb5! is good for White.White is slightly better.} Qb8 16. b4 Rc8 17. d5 Be7 18. a4 $146 ({Predecessor:} 18. Nd2 Ne8 19. Nb3 Bd8 20. a4 a5 21. Nxa5 bxa4 22. Nxa4 Bxa5 23. bxa5 Rxa5 {½-½ (42) Urban,K (2457)-Kuzmicz,K (2375) Opole 2006}) 18... bxa4 19. Nxa4 Ne8 20. Nd2 Nc7 (20... Rxc1 $16 {is a better defense.} 21. Rxc1 Qd8) 21. h4 $18 Nb5 22. Bh3 Rxc1 23. Rxc1 (23. Qxc1 $6 Qe8) 23... Qd8 24. Nc4 Rb8 25. Na5 h6 26. Qd3 Bf8 27. Nc6 Bxc6 28. Rxc6 $2 (28. dxc6 $18 Nf6 {[#]} 29. Ba7 $1 {[%mdl 576] Promotion}) 28... Nd4 $16 29. Bxd4 exd4 30. Bxd7 {[#] And now Bg4 would win.} Qxd7 (30... Rxb4 $11 31. Bg4 (31. Qxa6 Qxd7 32. Nb6 Rb1+ 33. Kg2 Qg4 $11) 31... Rxa4) 31. Qxd4 Re8 32. Kg2 f5 (32... Qe7 $142) 33. Nb6 ({And not} 33. Rxa6 Rxe4 34. Qd3 Rxb4 $14) 33... Qf7 34. exf5 Qxf5 35. Nc4 Qb1 (35... Qe4+ {was called for.} 36. Qxe4 Rxe4) 36. Nd2 $36 {[%mdl 2048] White is on the roll.} ({But not} 36. Rxa6 $6 Re4 $16) 36... Qa2 (36... Qd1 $142) 37. Nf3 Qa4 38. Qc4 Rb8 (38... Qb5 $142 39. Qxb5 axb5) 39. Rxa6 (39. Qe2 $142) 39... Qxb4 $18 40. Qe2 Kh8 $2 (40... Qg4 $16 {was worth a try.} 41. Qe3 Rb4) 41. Qe6 Qc4 $2 (41... Qc5 42. Qe4 Qc8) 42. Rc6 {White is clearly winning.} Qd3 43. Rc8 Rxc8 44. Qxc8 Kg8 45. Qe6+ Kh7 46. Qf7 {Accuracy: White = 76%, Black = 22%.} 1-0

[Event "Charlotte Open 2020"]
[Site "Charlotte"]
[Date "2020.01.05"]
[Round "7.13"]
[White "Moon, Benjamin"]
[Black "Tokhirjonova, Gulrukhbegim"]
[Result "1-0"]
[WhiteElo "2237"]
[BlackElo "2421"]
[Annotator "TA"]
[PlyCount "69"]
[EventDate "2020.01.02"]
[EventType "swiss"]
[EventCountry "USA"]
[SourceTitle "playchess.com"]
[Source "ChessBase"]
[SourceQuality "1"]

{[%evp 18,79,43,41,58,43,75,73,98,80,94,50,67,60,93,79,178,72,84,61,63,62,159,154,217,187,234,231,228,224,335,318,424,211,210,194,211,195,202,195,170,135,339,213,335,282,296,278,470,459,658,653,699,627,920,900,1226,1197,29985,29986,29986,29987,29983,29984]} 1. d4 Nf6 2. Nf3 e6 3. Bf4 c5 4. e3 Be7 5. h3 O-O 6. Nbd2 b6 7. Bd3 Bb7 8. O-O cxd4 9. exd4 Nc6 10. c3 Nd5 {A47: 1 d4 Nf6 2 Nf3 b6: Torre, London and Colle Systems} (10... d6 11. Bh2 g6 12. Qe2 Re8 13. Rfe1 Bf8 14. a4 Rc8 15. Nc4 d5 16. Nce5 Nxe5 17. Bxe5 a5 18. Bb5 {1-0 (45) Li,C (2720)-Yudasin,L (2517) chess.com INT 2017}) 11. Bh2 f5 12. Re1 Bf6 $146 {White is better.} ({Predecessor:} 12... Rf6 13. Rc1 d6 14. c4 Nc7 15. Bf1 Qd7 16. Nb1 f4 17. Nc3 Kh8 18. a3 {0-1 (35) Zuluaga Mancilla,C (2316)-Rodriguez Vila,A (2556) Bogota 2010}) 13. Nc4 Ba6 14. Nce5 Bxe5 15. Nxe5 Bb7 16. Nc4 Nce7 (16... Ba6 $16) 17. a4 (17. Nd6 $1 $18 {[%cal Rd6b7] has better winning chances.} Bc6 18. Qd2) 17... Ng6 18. Nd6 Bc6 19. Qd2 $36 {[%mdl 2048] Threatens to win with c4. White has some pressure.} Nh4 {[#]} (19... Qh4 $14) 20. c4 $1 $16 Nf6 (20... Nxg2 $16 21. Kxg2 Ne3+ {[%mdl 64] Discovered Attack (Double check)} 22. Kg1 Qg5+ 23. Bg3 f4 {[%mdl 64] Pin}) 21. Bf1 a5 {[#]} 22. d5 $1 {[%mdl 512]} exd5 {intending ...Ne4.} 23. Qd4 f4 (23... Ng6 $142 24. Nxf5 Re8 25. Rxe8+ Qxe8 26. Qxb6 Kh8) 24. Bxf4 $18 Nh5 25. Bg3 (25. Be3 $142) 25... Nxg3 26. fxg3 Nf5 27. Nxf5 Rxf5 {[#]} 28. cxd5 $1 Bb7 29. g4 Rf6 $2 (29... Qf6 $16 30. Rad1 Rf4 31. Qxf6 Rxf6) 30. Bc4 Kh8 (30... d6 {was necessary.} 31. Re6 Qc7 32. Rxf6 gxf6) 31. Re2 Qf8 32. Rae1 Rc8 $2 (32... h6 {was called for.} 33. b3 Qc5 34. Qxc5 bxc5 35. Re8+ Rf8) 33. b3 h6 (33... Qc5 $142 34. Qxc5 bxc5) 34. Re7 Rd6 35. h4 {Played: Qd4-e5} 1-0

[Event "Charlotte Open 2020"]
[Site "Charlotte"]
[Date "2020.01.05"]
[Round "7.14"]
[White "Yanayt, Eugene"]
[Black "Tsolakidou, Stavroula"]
[Result "0-1"]
[WhiteElo "2216"]
[BlackElo "2403"]
[Annotator "TA"]
[PlyCount "40"]
[EventDate "2020.01.02"]
[EventType "swiss"]
[EventCountry "USA"]
[SourceTitle "playchess.com"]
[Source "ChessBase"]
[SourceQuality "1"]

{[%evp 14,70,20,0,10,-2,9,9,9,0,10,0,20,3,57,47,47,38,49,-59,-33,-104,-93,-188,-191,-232,-215,-373,-367,-409,-381,-396,-263,-264,-223,-252,-214,-342,-342,-339,-336,-381,-393,-531,-515,-592,-592,-588,-575,-561,-573,-639,-646,-870,-834,-933,-913,-835,-827]} 1. d4 Nf6 2. c4 e6 3. Nf3 d5 4. g3 dxc4 5. Bg2 Bd7 6. Ne5 Bc6 7. Nxc6 Nxc6 8. O-O Qd7 {E04: Open Catalan: 5 Nf3} 9. Nc3 (9. e3 Rd8 10. Qe2 e5 11. Nc3 Be7 12. d5 Nb4 13. e4 Nd3 14. Be3 b5 15. a4 a6 16. axb5 axb5 {1-0 (47) Firouzja,A (2607)-Grachev,B (2626) St Petersburg 2018}) 9... Rd8 10. Bg5 Be7 $146 {The position is equal.} ({Predecessor:} 10... Nxd4 11. Bxb7 Be7 12. e3 Nf5 13. Qf3 O-O 14. Rad1 Nd6 15. Bf4 Rb8 16. Bc6 {1-0 (27) Ozenir,E (2154)-Kansal,E (1877) Antalya 2017}) 11. Bxf6 Bxf6 12. e3 e5 {[%cal Re5d4]} 13. Nd5 Be7 (13... exd4 $11 14. Rc1 dxe3 15. Nxf6+ gxf6) 14. dxe5 O-O 15. Qh5 g6 16. Qh6 (16. Qf3 $1 $14) 16... Nxe5 $15 17. Rad1 (17. Qf4 $15 Qd6 18. Qe4) 17... Nd3 $36 {[%mdl 2048] Black is in control.} 18. e4 (18. b3 $17 {was necessary.}) 18... c6 $19 ({But not} 18... Nxb2 19. Rb1 $15) 19. Bh3 Qd6 20. Ne3 $2 (20. Nf4) 20... Qc5 {Played: Qd6-e5} 0-1

[Event "Charlotte Open 2020"]
[Site "Charlotte"]
[Date "2020.01.05"]
[Round "7.15"]
[White "Ynojosa Aponte, Felix Jose"]
[Black "Park, Evan"]
[Result "1/2-1/2"]
[WhiteElo "2403"]
[BlackElo "2175"]
[Annotator "TA"]
[PlyCount "133"]
[EventDate "2020.01.02"]
[EventType "swiss"]
[EventCountry "USA"]
[SourceTitle "playchess.com"]
[Source "ChessBase"]
[SourceQuality "1"]

{[%evp 23,133,22,27,-27,27,-12,-14,0,0,0,20,24,42,34,153,153,153,153,153,153,153,155,168,143,154,149,152,152,175,152,154,152,152,152,150,143,159,154,208,208,257,253,251,233,244,216,288,281,391,389,383,367,516,555,541,155,537,473,467,500,463,397,758,735,910,879,719,137,592,592,592,592,592,592,592,592,1101,1035,990,932,932,724,592,0,534,503,512,0,0,0,0,0,0,0,0,0,0,0,0,0,0,0,0,0,0,0,0,0,0,0,0,0]} 1. c4 e6 2. Nc3 d5 3. d4 Nf6 4. cxd5 exd5 5. Bg5 c6 6. Qc2 Be7 7. e3 O-O 8. Bd3 Nbd7 9. h3 Re8 10. Nf3 Nf8 11. O-O g6 12. Rab1 Ne6 13. b4 {D36: Queen's Gambit Declined: Exchange Variation: Main line (5 Bg5 c6 6 Qc2)} (13. Bh6 $142) (13. Bh4 Ng7 14. b4 a6 15. a4 Bf5 16. b5 axb5 17. axb5 Bxd3 18. Qxd3 Nf5 19. Bxf6 Bxf6 20. Qc2 Nd6 21. Nd2 {0-1 (47) Navara,D (2730)-Hansen,S (2566) Reykjavik 2015}) 13... a6 {[#]} (13... Nxg5 $142 14. Nxg5 Bd6) 14. a4 $146 ({Predecessor:} 14. Bh6 Ng7 15. Bxg7 Kxg7 16. a4 Be6 17. Rfc1 Qc8 18. Qd1 Bd6 19. b5 axb5 20. axb5 Re7 21. bxc6 bxc6 22. Ng5 h6 23. Nxe6+ Qxe6 {1-0 (40) Cvitan,O (2527)-Saric,I (2339) Bosnjaci 2006}) 14... Nxg5 15. Nxg5 Nh5 16. Nf3 Ng7 17. b5 axb5 18. axb5 Ne6 (18... Bd6 $14) 19. bxc6 $16 bxc6 20. Ne5 Qc7 {[#]} 21. Nxc6 $1 {[%mdl 512]} Bb7 (21... Qxc6 22. Bb5) 22. Nxe7+ Rxe7 23. Qb3 Qd6 24. Rfc1 Ng5 25. Nb5 Qb8 26. Nc7 Rxc7 27. Rxc7 Qxc7 28. Qxb7 Qxb7 29. Rxb7 {[%mdl 4096] Endgame KRB-KRN} Ra1+ 30. Rb1 Ra3 (30... Rxb1+ $16 31. Bxb1 Ne6) 31. h4 $18 Ne4 32. Bxe4 dxe4 {KR-KR} 33. Rb8+ Kg7 34. Re8 f5 35. Re7+ Kg8 36. g4 fxg4 37. Kg2 h5 (37... h6 {is a better defense.} 38. Rxe4 h5) 38. Rxe4 Kf7 39. Re5 $2 (39. f3 $18 {and White stays clearly on top.} Ra2+ 40. Kg3) 39... Kf6 $2 (39... Ra1 $16 {is tougher.} 40. Re4 Kf6) 40. f3 Ra2+ 41. Kg3 gxf3 42. Kxf3 Rh2 $2 (42... Ra1 43. Re8 Kf7) 43. Re4 $1 {[%cal Re4f4]} g5 44. hxg5+ Kxg5 45. Kg3 $2 (45. d5 $18 Rd2 46. Re5+ Kg6 47. e4) 45... Rd2 $2 {[%mdl 8192]} (45... Rh1 $16 {is a better chance.} 46. Re5+ Kf6) 46. Re5+ Kg6 47. d5 Rd1 {[#]} 48. e4 $1 Rg1+ {[#]} 49. Kf2 $1 {[%cal Rf2g1]} Rd1 {and the idea ...h4 leaves Black hopeful.} 50. Ke2 Rd4 51. Kf3 Rd1 52. Re8 Kg5 53. Re5+ Kg6 54. Re6+ Kg5 55. d6 $2 (55. Ke2 $18 Rd4 56. Ke3) 55... h4 $11 {The position is equal.} 56. e5 {aiming for Re7.} h3 {( -> ...h2)} 57. Kg3 Rd3+ 58. Kh2 Kg4 59. Rh6 Rd2+ 60. Kh1 Rd1+ 61. Kh2 Rd2+ 62. Kg1 Kg3 {[%cal Rd2d1]} 63. Rg6+ Kf4 64. e6 h2+ 65. Kh1 {Intending e7 and mate.} Rxd6 66. Kxh2 {And now e7! would win.} Rd8 67. e7 {Accuracy: White = 65%, Black = 38%.} 1/2-1/2

[Event "Charlotte Open 2020"]
[Site "Charlotte"]
[Date "2020.01.05"]
[Round "7.16"]
[White "Talukdar, Rohan"]
[Black "Xu, Grant"]
[Result "1/2-1/2"]
[WhiteElo "2343"]
[BlackElo "2228"]
[Annotator "TA"]
[PlyCount "70"]
[EventDate "2020.01.02"]
[EventType "swiss"]
[EventCountry "USA"]
[SourceTitle "playchess.com"]
[Source "ChessBase"]
[SourceQuality "1"]

{[%evp 26,70,20,0,28,15,15,10,80,25,21,0,21,18,22,0,0,5,6,0,0,0,0,0,0,-19,-5,-8,0,0,0,0,0,-8,-8,-8,-8,-8,-8,-8,-6,-9,0,0,0,0,13]} 1. e4 e6 2. d4 d5 3. Nd2 Nf6 4. e5 Nfd7 5. Bd3 c5 6. c3 Nc6 7. Ne2 cxd4 8. cxd4 f6 9. exf6 Nxf6 10. Nf3 Bd6 11. O-O O-O 12. Bf4 Bxf4 13. Nxf4 Ne4 14. Nh5 Bd7 {C06: French Tarrasch: 3...Nf6 4 e5 Nfd7 5 Bd3 main lines} 15. Ng3 Ng5 {[#] ...Nxf3+ is the strong threat.} 16. Ne5 Rf4 (16... Nxe5 $11 17. dxe5 Nf7) 17. Ne2 (17. Qd2 $16 Nxe5 18. dxe5) 17... Rf8 $11 18. Ng3 {The position is equal.} Nxe5 19. dxe5 Nf7 20. f4 (20. Qe2 {keeps more tension.} Nh6 21. Rae1 Qb6 22. Qe3 Qxe3 23. Rxe3 Rac8 24. f4) 20... Qb6+ 21. Kh1 Bb5 22. Bxb5 Qxb5 {[#]} 23. a4 $146 ({Predecessor:} 23. Ne2 Nh6 24. Nd4 {0-1 (47) Shirov,A (2658)-Volkov,S (2547) Linares 2019}) 23... Qd7 24. Qd4 Nd8 25. b4 Nc6 26. Qd2 a6 27. Ne4 Qe7 28. Nd6 Nd8 29. Qd4 Nf7 $1 30. Nxf7 Qxf7 31. Rac1 Rac8 {[#] aiming for ...Rxc1.} 32. Rc5 Rxc5 33. bxc5 Rc8 34. Rb1 Qc7 35. g3 Qxc5 {Accuracy: White = 59%, Black = 63%.} 1/2-1/2